[Event "9th Sharjah Cup Women 2018"]
[Site "Sharjah"]
[Date "2018.12.19"]
[Round "8"]
[White "Cornette, Deimante"]
[Black "Hallaeva, Bahar"]
[Result "1-0"]
[WhiteElo "2455"]
[BlackElo "2133"]
[Annotator "TA"]
[PlyCount "111"]
[EventDate "2018.12.14"]
[EventType "swiss"]
[EventCountry "UAE"]
[SourceTitle "playchess.com"]
[Source "ChessBase"]
[SourceQuality "1"]

{[%evp 18,111,10,25,20,22,41,8,29,0,70,59,78,75,93,48,91,83,97,60,51,35,51,41,41,46,62,76,73,64,74,78,62,68,111,80,81,81,95,89,88,93,95,81,145,144,136,156,136,150,270,283,269,221,227,225,199,191,177,184,173,137,319,322,690,328,320,315,307,314,308,299,419,398,393,374,520,538,576,575,1064,1052,1542,1432,2376,1685,2358,2291,29973,29974,29983,29984,29985,29983,29988,29988]} 1. e4 e5 2. Nf3 Nc6 3. Bc4 Nf6 4. d3 h6 5. O-O d6 6. c3 g5 {C55: Two Knights: 4 d3, 4 d4 exd4 5 e5 and Max Lange Attack} 7. Bb3 (7. a4 Bg7 8. Re1 O-O 9. h3 d5 10. exd5 Nxd5 11. Nbd2 a6 12. Ne4 Nf4 13. a5 b5 14. axb6 cxb6 {1-0 (43) Karjakin,S (2782)-Mamedyarov,S (2808) Paris 2018}) 7... Bg7 8. Nbd2 {[%cal Bb1d2,Bd2c4,Bc4a3,Ba3c2,Bc2e3][%mdl 32]} O-O 9. Nc4 Be6 10. Re1 {LiveBook: 4 Games} a5 $146 ({Predecessor:} 10... Re8 11. Ne3 d5 12. Qc2 d4 13. Nf1 Nh5 14. Bxe6 fxe6 {½-½ (56) Peng,D (2330)-Priyadharshan,K (2516) Saint Louis 2017}) 11. a4 Re8 12. Na3 Qd7 13. Bxe6 Rxe6 (13... Qxe6 $11 14. Nb5 Qd7) 14. h4 $14 g4 15. Nh2 $1 {[%cal Bf3h2,Bh2f1,Bf1g3][%mdl 32]} Ree8 16. Nc2 Ne7 {[#]} 17. Ne3 $1 h5 18. Nhf1 d5 19. Ng3 dxe4 20. dxe4 {Strongly threatening Qxd7.} Qxd1 $1 21. Nxd1 Kh7 22. Bg5 Kg6 23. Ne3 Neg8 24. Nc4 Nh7 25. Be3 Ne7 26. Bc5 Nc6 27. Nf5 b6 28. Ba3 Nf6 29. f3 Bh6 30. Rad1 gxf3 ({Better is} 30... Rac8) 31. gxf3 $16 Bf4 32. Kf2 {aiming for Rg1+.} Kh7 33. Rg1 Bh6 (33... Rg8 $16 34. Ne7 Rxg1 35. Rxg1 Nd8) 34. Nxh6 $18 Kxh6 35. b3 Rad8 36. Bc1+ Kh7 37. Bg5 {And now Rxd8 would win.} Rxd1 38. Rxd1 Kg6 39. Ne3 Nh7 $2 (39... Ng8 $16) 40. Rg1 f6 $2 {[#]} (40... Nf8 41. Nd5 Nd7 42. Be3+ Kh7 43. Nxc7 Rc8) 41. Bf4+ (41. Bh6+ $142 $1 {[%mdl 512]} Ng5 (41... Kxh6 42. Nf5#) 42. hxg5 fxg5 43. Bxg5) 41... Kf7 42. Bh6 Rg8 43. Rxg8 Kxg8 {[%mdl 4096] Endgame KBN-KNN} 44. Nd5 f5 (44... Nf8 {was worth a try.} 45. Nxf6+ (45. Nxc7 Nd7 $16) 45... Kf7 46. Nxh5 Ne6) 45. exf5 Kf7 46. Nxc7 Ne7 47. Be3 Nxf5 48. Bxb6 Nxh4 49. b4 axb4 50. cxb4 Ng5 51. a5 Nhxf3 52. a6 h4 53. a7 {White mates.} h3 54. a8=Q h2 55. Kg2 e4 56. Be3 {Accuracy: White = 77%, Black = 38%.} 1-0

[Event "9th Sharjah Cup Women 2018"]
[Site "Sharjah"]
[Date "2018.12.19"]
[Round "8"]
[White "Szczepkowska, Karina"]
[Black "Bulmaga, Irina"]
[Result "1/2-1/2"]
[WhiteElo "2408"]
[BlackElo "2391"]
[Annotator "ChessBase"]
[PlyCount "61"]
[EventDate "2018.12.14"]
[EventType "swiss"]
[EventCountry "UAE"]
[SourceTitle "playchess.com"]
[Source "ChessBase"]
[SourceQuality "1"]
[TimeControl "5400+30"]

1. d4 {[%emt 0:00:00]} Nf6 {[%emt 0:00:00]} 2. c4 {[%emt 0:00:00]} e6 {[%emt 0:00:00]} 3. Nf3 {[%emt 0:00:21]} d5 {[%emt 0:00:00]} 4. Nc3 {[%emt 0:00:43]} c5 {[%emt 0:00:18]} 5. cxd5 {[%emt 0:02:46]} Nxd5 {[%emt 0:00:22]} 6. e4 {[%emt 0:01:41]} Nxc3 {[%emt 0:00:15]} 7. bxc3 {[%emt 0:00:06]} cxd4 {[%emt 0:01:09]} 8. cxd4 {[%emt 0:01:08]} Bb4+ {[%emt 0:00:17]} 9. Bd2 {[%emt 0:00:07]} Bxd2+ {[%emt 0:00:12]} 10. Qxd2 {[%emt 0:00:05]} O-O {[%emt 0:00:27]} 11. Rc1 {[%emt 0:04:01]} b6 {[%emt 0:04:50]} 12. Bd3 {[%emt 0:04:36]} Bb7 {[%emt 0:02:31]} 13. O-O {[%emt 0:00:59]} Nd7 {[%emt 0:01:24]} 14. Qe3 {[%emt 0:02:57]} Nf6 {[%emt 0:12:18]} 15. Ne5 {[%emt 0:09:51]} Qe7 {[%emt 0:10:25]} 16. f3 {[%emt 0:01:19]} Rac8 {[%emt 0:00:36]} 17. Rxc8 {[%emt 0:02:23]} Rxc8 {[%emt 0:02:53]} 18. Rc1 {[%emt 0:00:32]} Rxc1+ {[%emt 0:01:20]} 19. Qxc1 {[%emt 0:00:08]} Ne8 {[%emt 0:01:27]} 20. Qc3 {[%emt 0:02:25]} Qc7 {[%emt 0:01:23]} 21. Qxc7 {[%emt 0:01:09]} Nxc7 {[%emt 0:00:08]} 22. Kf2 {[%emt 0:00:20]} Kf8 {[%emt 0:01:34]} 23. Ke3 {[%emt 0:00:51]} Ke7 {[%emt 0:00:35]} 24. g4 {[%emt 0:01:35]} h6 {[%emt 0:01:27]} 25. Nc4 {[%emt 0:03:03]} f6 {[%emt 0:03:10]} 26. h4 {[%emt 0:01:48]} g5 {[%emt 0:01:31]} 27. h5 {[%emt 0:02:33]} Bc6 {[%emt 0:00:32]} 28. Nd2 {[%emt 0:00:41]} Ba4 {[%emt 0:01:13]} 29. Nb3 {[%emt 0:01:40]} Bxb3 {[%emt 0:00:16]} 30. axb3 {[%emt 0:00:03]} e5 {[%emt 0:00:18]} 31. d5 {[%emt 0:00:18]} 1/2-1/2

[Event "9th Sharjah Cup Women 2018"]
[Site "Sharjah"]
[Date "2018.12.19"]
[Round "8"]
[White "Mkrtchian, Lilit"]
[Black "Kulkarni Bhakti"]
[Result "1/2-1/2"]
[WhiteElo "2392"]
[BlackElo "2283"]
[Annotator "NA"]
[PlyCount "53"]
[EventDate "2018.12.14"]
[EventType "swiss"]
[EventCountry "UAE"]
[SourceTitle "playchess.com"]
[Source "ChessBase"]
[SourceQuality "1"]
[TimeControl "5400+30"]

1. c4 {[%emt 0:00:00]} e6 {[%emt 0:00:15]} 2. g3 {[%emt 0:00:14]} d5 {[%emt 0:00:36]} 3. Bg2 {[%emt 0:00:08]} Nf6 {[%emt 0:00:17]} 4. Nf3 {[%emt 0:00:10]} Be7 {[%emt 0:01:04]} 5. O-O {[%emt 0:01:38]} O-O {[%emt 0:00:14]} 6. Ne5 {[%emt 0:01:37] A14: English Opening: 1...e6 with b3 by White} (6. b3 c5 7. Bb2 b6 8. cxd5 Nxd5 9. d4 Bb7 10. dxc5 Bxc5 11. Nc3 Nd7 12. Nxd5 Bxd5 13. Qd3 Qe7 14. Rad1 Rfd8 15. Qc3 Nf6 16. Qe5 Rac8 17. Nh4 Bxg2 18. Rxd8+ Qxd8 19. Kxg2 {½-½ (45) So,W (2778)-Kramnik,V (2792) Paris 2018}) 6... d4 {[%emt 0:07:30]} 7. e3 {[%emt 0:10:16]} c5 {[%emt 0:01:17]} 8. d3 {[%emt 0:05:24]} Qc7 $146 {[%emt 0:02:46]} ({Predecessor:} 8... Nfd7 9. exd4 cxd4 10. Nxd7 Nxd7 11. Nd2 e5 12. Re1 f6 13. Qc2 a5 {0-1 (39) Malakhatko,V (2540)-Xu,Y (2465) Runavik 2017}) 9. exd4 {[%emt 0:22:48]} cxd4 {[%emt 0:03:05]} 10. Qe2 {[%emt 0:02:46]} Nc6 {[%emt 0:04:44]} 11. Bf4 {[%emt 0:01:25]} Bd6 {[%emt 0:07:24]} 12. Re1 {[%emt 0:00:15]} Nd7 {[%emt 0:07:58]} 13. Nxd7 {[%emt 0:02:31]} Bxd7 {[%emt 0:00:20]} 14. Bxd6 {[%emt 0:00:07]} Qxd6 {[%emt 0:00:05]} 15. Nd2 {[%emt 0:00:20]} Rae8 {[%emt 0:01:47]} 16. a3 {[%emt 0:10:55]} e5 {[%emt 0:11:16]} 17. Ne4 {[%emt 0:01:38]} Qg6 {[%emt 0:00:59]} 18. c5 {[%emt 0:00:09]} Bg4 {[%emt 0:05:30]} 19. Qc2 {[%emt 0:07:02]} Re7 {[%emt 0:06:30]} 20. Nd6 {[%emt 0:00:35]} Qf6 {[%emt 0:01:07]} 21. b4 {[%emt 0:08:32]} Bf3 {[%emt 0:01:22]} 22. Bxf3 {[%emt 0:00:11]} Qxf3 {[%emt 0:00:06]} 23. Qe2 $16 {[%emt 0:00:35]} Qd5 {[%emt 0:03:59]} 24. Qa2 {[%emt 0:00:05]} Qf3 {[%emt 0:01:55]} 25. Qe2 {[%emt 0:00:02]} Qd5 {[%emt 0:00:32]} 26. Qa2 {[%emt 0:00:10]} Qf3 {[%emt 0:00:05]} 27. Qe2 {[%emt 0:00:03]} 1/2-1/2

[Event "9th Sharjah Cup Women 2018"]
[Site "Sharjah"]
[Date "2018.12.19"]
[Round "8"]
[White "Khukhashvili, Sopiko"]
[Black "Nguyen, Thi Mai Hung"]
[Result "1-0"]
[WhiteElo "2338"]
[BlackElo "2280"]
[Annotator "NA"]
[PlyCount "69"]
[EventDate "2018.12.14"]
[EventType "swiss"]
[EventCountry "UAE"]
[SourceTitle "playchess.com"]
[Source "ChessBase"]
[SourceQuality "1"]
[TimeControl "5400+30"]

1. e4 {[%emt 0:00:00]} c5 {[%emt 0:00:00]} 2. c3 {[%emt 0:00:00]} e6 {[%emt 0:02:17]} 3. d4 {[%emt 0:00:03]} d5 {[%emt 0:00:07]} 4. e5 {[%emt 0:03:08]} Nc6 {[%emt 0:00:14]} 5. Nf3 {[%emt 0:00:02]} Qb6 {[%emt 0:00:38]} 6. a3 {[%emt 0:00:08]} c4 {[%emt 0:01:50]} 7. Nbd2 {[%emt 0:00:08]} Na5 {[%emt 0:00:09]} 8. g3 {[%emt 0:00:08]} Bd7 {[%emt 0:02:47]} 9. h4 {[%emt 0:00:28]} Ne7 {[%emt 0:03:14]} 10. Bh3 {[%emt 0:00:16] C02: French: Advance Variation} Qc7 {[%emt 0:04:48]} (10... h6 11. h5 Nc8 12. O-O Qc7 13. Ne1 Nb6 14. Qe2 O-O-O 15. Ng2 Be7 16. Rb1 Rdg8 17. f4 g6 {0-1 (43) Svidler,P (2749)-Andreikin,D (2715) Moscow 2012}) 11. O-O {[%emt 0:00:57]} Nc8 {[%emt 0:00:46]} 12. Ne1 {[%emt 0:12:28] LiveBook: 3 Games} Nb6 {[%emt 0:02:08]} 13. f4 {[%emt 0:00:32]} g6 {[%emt 0:03:02]} 14. Rb1 {[%emt 0:00:29]} Ba4 {[%emt 0:03:39]} 15. Qe2 {[%emt 0:00:09]} Be7 $146 {[%emt 0:06:44]} ({Predecessor:} 15... Nb3 16. Ndf3 Nxc1 17. Rxc1 O-O-O {1-0 (50) Nedostup,D (2223)-Favaloro,A (2116) Erice 2015}) 16. Ndf3 {[%emt 0:01:34]} O-O-O {[%emt 0:07:26]} 17. Ng5 {[%emt 0:06:55]} Be8 $1 {[%emt 0:00:43]} 18. Bxe6+ {[%emt 0:00:44]} fxe6 {[%emt 0:00:05]} 19. Nxe6 {[%emt 0:00:06]} Qd7 {[%emt 0:08:00]} 20. f5 {[%emt 0:06:35]} gxf5 {[%emt 0:00:45]} 21. Nxd8 {[%emt 0:00:03]} Qxd8 {[%emt 0:05:53]} 22. Bf4 {[%emt 0:01:27]} Rg8 {[%emt 0:00:29]} 23. Ng2 {[%emt 0:00:08]} Kb8 {[%emt 0:06:40]} 24. Kh2 {[%emt 0:02:31]} Ka8 {[%emt 0:00:25]} 25. e6 {[%emt 0:02:58]} Nc6 {[%emt 0:03:59]} 26. a4 {[%emt 0:02:38]} Na5 {[%emt 0:07:18]} 27. Rbe1 {[%emt 0:09:02]} Bxa4 {[%emt 0:10:49]} 28. Rf2 $11 {[%emt 0:00:17]} Nc6 {[%emt 0:03:15]} 29. Qh5 {[%emt 0:01:40]} Rh8 {[%emt 0:02:44]} 30. Ne3 {[%emt 0:00:40]} Nb8 {[%emt 0:03:00]} 31. Nxf5 {[%emt 0:01:33]} Be8 {[%emt 0:00:44]} 32. Qh6 {[%emt 0:01:10]} Nc6 {[%emt 0:01:38]} 33. Nxe7 {[%emt 0:00:58]} Qxe7 {[%emt 0:00:32]} 34. Bg5 {[%emt 0:00:10]} Qd6 {[%emt 0:02:07]} 35. Qg7 {[%emt 0:00:17]} 1-0

[Event "9th Sharjah Cup Women 2018"]
[Site "Sharjah"]
[Date "2018.12.19"]
[Round "8"]
[White "Gevorgyan, Irina"]
[Black "Abdulla, Khayala"]
[Result "1/2-1/2"]
[WhiteElo "2301"]
[BlackElo "2190"]
[Annotator "NA"]
[PlyCount "66"]
[EventDate "2018.12.14"]
[EventType "swiss"]
[EventCountry "UAE"]
[SourceTitle "playchess.com"]
[Source "ChessBase"]
[SourceQuality "1"]
[TimeControl "5400+30"]

1. Nf3 {[%emt 0:00:00]} c5 {[%emt 0:00:00]} 2. c4 {[%emt 0:00:00]} Nc6 {[%emt 0:00:00]} 3. Nc3 {[%emt 0:01:12]} g6 {[%emt 0:00:44]} 4. e3 {[%emt 0:08:59]} Nf6 {[%emt 0:01:49]} 5. d4 {[%emt 0:00:37]} cxd4 {[%emt 0:00:11]} 6. exd4 {[%emt 0:00:07]} d5 {[%emt 0:00:06]} 7. cxd5 {[%emt 0:19:40]} Nxd5 {[%emt 0:03:34]} 8. Bc4 {[%emt 0:01:57]} Nb6 {[%emt 0:00:23]} 9. Bb3 {[%emt 0:06:37]} Bg7 {[%emt 0:02:04]} 10. Be3 {[%emt 0:00:13]} O-O {[%emt 0:00:43]} 11. O-O {[%emt 0:01:06]} Bg4 {[%emt 0:09:41]} 12. h3 {[%emt 0:02:29]} Bxf3 {[%emt 0:01:18]} 13. Qxf3 {[%emt 0:00:08]} Nxd4 {[%emt 0:03:23] D94: Grünfeld: 4 Nf3 Bg7 5 e3} (13... Qd7 14. Rad1 Nxd4 15. Bxd4 Bxd4 16. Ne2 e5 17. Nxd4 exd4 18. Rd3 Rad8 19. Rfd1 Qe7 20. Rxd4 Rxd4 21. Rxd4 {½-½ (30) Smirin,I (2659)-Grischuk,A (2709) Rishon Le Ziyyon 2006}) 14. Qxb7 {[%emt 0:00:46] LiveBook: 4 Games} e5 {[%emt 0:05:30]} 15. Rad1 {[%emt 0:05:09]} Qc8 $146 {[%emt 0:08:30]} ({Predecessor:} 15... Qh4 16. Bxd4 exd4 17. Nb5 Qf4 18. g3 Qf5 19. Nxd4 Qxh3 20. Rfe1 Rad8 21. Nc6 Rxd1 22. Rxd1 {0-1 (53) Salvador Rey,M (2016)-Exposito Amaro,J (2436) Barcelona 2015}) 16. Qe4 {[%emt 0:01:20]} Nxb3 {[%emt 0:02:16]} 17. axb3 {[%emt 0:00:09]} Qe6 {[%emt 0:02:53]} 18. Bc5 {[%emt 0:06:41]} Rfd8 {[%emt 0:06:06]} 19. b4 {[%emt 0:00:20]} Qb3 {[%emt 0:01:30] [#]} 20. Qh4 {[%emt 0:10:54]} ({White should play} 20. Rxd8+ $1 $16 Rxd8 21. Qb7) 20... Nd5 {[%emt 0:23:06]} 21. Ne4 $11 {[%emt 0:08:14]} (21. Rd3 $14 h5 22. Re1) 21... h6 {[%emt 0:00:40]} 22. Rd2 {[%emt 0:03:48]} g5 {[%emt 0:07:50]} 23. Qg4 {[%emt 0:00:22]} Nf4 {[%emt 0:01:38]} 24. Rfd1 {[%emt 0:03:39]} Rxd2 {[%emt 0:00:27]} 25. Rxd2 {[%emt 0:00:05]} a5 {[%emt 0:03:12]} 26. bxa5 {[%emt 0:02:21]} Qc4 {[%emt 0:05:21]} 27. Qf5 {[%emt 0:01:25]} Ng6 {[%emt 0:03:00]} 28. g3 {[%emt 0:07:01]} Rxa5 {[%emt 0:02:17]} 29. Ba3 {[%emt 0:01:41]} Rd5 {[%emt 0:03:04]} 30. Rxd5 {[%emt 0:00:12]} Qxd5 {[%emt 0:00:01]} 31. Bc5 {[%emt 0:04:10]} Qb3 {[%emt 0:01:23]} 32. Ba3 {[%emt 0:00:40]} Qd5 {[%emt 0:01:25]} 33. Bc5 {[%emt 0:01:05]} Qb3 {[%emt 0:00:06]} 1/2-1/2

[Event "9th Sharjah Cup Women 2018"]
[Site "Sharjah"]
[Date "2018.12.19"]
[Round "8"]
[White "Velikic, Adela"]
[Black "Socko, Monika"]
[Result "1-0"]
[WhiteElo "2298"]
[BlackElo "2458"]
[Annotator "TA"]
[PlyCount "165"]
[EventDate "2018.12.14"]
[EventType "swiss"]
[EventCountry "UAE"]
[SourceTitle "playchess.com"]
[Source "ChessBase"]
[SourceQuality "1"]

{[%evp 22,165,12,8,32,33,34,26,52,31,70,23,47,38,45,55,38,36,23,31,25,20,40,14,14,13,13,16,14,14,15,0,30,17,21,20,21,17,7,3,23,9,12,4,18,14,49,-136,17,30,38,25,22,10,131,0,120,123,250,212,287,75,264,261,268,268,373,365,388,386,553,555,575,450,722,408,408,406,403,403,403,395,467,446,501,502,499,498,489,463,454,0,498,488,490,490,623,620,585,490,490,484,483,481,476,468,466,467,449,445,543,406,895,881,910,869,1175,966,1200,1174,1086,991,1621,1593,29957,29960,29955,29962,6037,12829,6037,5801,5514,5730,2150,2142,29976,29977,29975,29976,29980,29981,29981,29981,29981,29982]} 1. d4 d6 2. e4 g6 3. Nc3 Bg7 4. Nf3 c6 5. Be2 Nd7 6. O-O Qc7 7. a4 Ngf6 8. h3 O-O 9. Be3 e5 10. dxe5 Nxe5 11. Nxe5 {B08: Pirc Defence: Classical System} (11. Nd2 Rd8 12. f4 Ned7 13. Qe1 d5 14. Qf2 Nxe4 15. Ndxe4 dxe4 16. Nxe4 Nb6 17. c3 Re8 18. Ng3 Nd5 {½-½ (27) Zajic,M (2503)-Kojic,T (2340) Bosanska Krupa 2018}) 11... dxe5 12. Bc4 {LiveBook: 3 Games} Qe7 13. Qf3 {White is slightly better.} Qb4 $146 ({Predecessor:} 13... Be6 14. Qe2 Nh5 15. Bxe6 Qxe6 16. a5 Nf4 {½-½ (52) Beijer,B-Zavada,A Groningen 2003}) 14. Bb3 Be6 15. Ra3 b6 16. Rd1 Rae8 17. a5 Bxb3 18. Rxb3 Qxa5 19. Bg5 Re6 20. Ra3 Qb4 21. Rxa7 h6 22. Ra4 Qe7 $1 23. Be3 b5 24. Ra7 Qb4 25. Bb6 Rd6 26. Rda1 Rd7 27. b3 Rxa7 28. Rxa7 Qd6 29. Qd3 Qb8 30. Qe3 Rc8 31. Bc5 Rd8 32. Na2 {Black should prevent Nb4.} Rd1+ 33. Kh2 Rd4 34. b4 $2 (34. Nb4 $14 {stays ahead.} Rxe4 35. Qd2) 34... Rxe4 $2 (34... Nxe4 $17 35. Qa3 Rd8) 35. Qa3 $1 $36 {[%mdl 2048] White has good play.} Kh7 $1 36. Rxf7 Rf4 {[#] Hoping for ...Ng4+!} 37. Qa7 Qg8 (37... Qxa7 $11 38. Rxa7 Nd5) 38. Kg1 ({Better is} 38. Rc7 $16) 38... Nd5 (38... Ne4 $11 39. Rxf4 exf4) 39. Rd7 $16 Re4 (39... Nf6 $16 40. Rc7 Rc4) 40. Kh2 Re1 41. Bd6 $2 (41. Rf7 $18 {and White stays clearly on top. Strongly threatening Bf8.} Nf4 42. Bf8) 41... Nf6 $2 {[#]} (41... g5 $16) 42. Rf7 $1 $18 {[%cal Rf7f6] aiming for Rxf6.} Kh8 {Threatening ...Ne4.} 43. Nc3 Ne8 44. Bc5 Nf6 45. f3 e4 (45... Rc1 $142 46. Rb7 e4) 46. Bd4 Ra1 47. Rxg7 ({Not} 47. Qxa1 Qxf7 48. Nxe4 Nxe4 $16) 47... Qxg7 (47... Rxa7 $142 48. Rxg8+ (48. Rxa7 Qb8+ 49. Kh1 Kg8 $17) 48... Kxg8 49. Bxa7 exf3) 48. Qxg7+ Kxg7 49. Nxe4 Rd1 50. Bxf6+ {[%mdl 4096] Endgame} Kf7 51. c3 Ke6 52. Kg3 Kf5 53. Bg7 h5 54. Bd4 Rc1 55. Kh4 Rc2 56. Kg3 $2 (56. g3 $18) 56... g5 $2 {[%mdl 8192]} (56... Rc1 $1 $11 57. Ng5 Ra1) 57. Nf2 Rd2 58. Kh2 Kf4 59. Ne4 Rc2 {Black hopes to continue with ...g4.} 60. Bf6 g4 61. hxg4 hxg4 62. Bg5+ Kf5 {White must now prevent ...gxf3.} 63. Bd2 gxf3 64. gxf3 Ra2 65. Kg3 Ke5 66. Be3 Ra8 (66... Kf5 $142 67. Bc5 Re2 68. Nd6+ Ke6) 67. Kg4 Ra2 68. Bd4+ Kd5 69. Kf5 Re2 70. Nf6+ Kc4 71. f4 c5 72. Bxc5 Kxc3 73. Ne4+ Kc4 74. Nd6+ Kd5 75. Nxb5 {Intending Nc3+ and mate.} Rh2 76. Nc7+ Kc6 77. Ne6 Kd5 78. Ng5 Rh4 79. Nf7 {White mates.} Rh2 80. Kg6 Ke4 81. f5 {[%cal Bf4f5,Bf5f6][%mdl 32]} Kd5 82. Ng5 Rh1 83. f6 {Precision: White = 69%, Black = 31%.} 1-0

[Event "9th Sharjah Cup Women 2018"]
[Site "Sharjah"]
[Date "2018.12.19"]
[Round "8"]
[White "Gu, Xiaobing"]
[Black "Mona, Khaled"]
[Result "1-0"]
[WhiteElo "2295"]
[BlackElo "2158"]
[Annotator "NA"]
[PlyCount "49"]
[EventDate "2018.12.14"]
[EventType "swiss"]
[EventCountry "UAE"]
[SourceTitle "playchess.com"]
[Source "ChessBase"]
[SourceQuality "1"]
[TimeControl "5400+30"]

1. e4 {[%emt 0:00:00]} e5 {[%emt 0:00:00]} 2. Nc3 {[%emt 0:00:10]} Bc5 {[%emt 0:00:08]} 3. g3 {[%emt 0:00:28]} Nf6 {[%emt 0:00:10]} 4. Bg2 {[%emt 0:00:08]} Nc6 {[%emt 0:00:49]} 5. Nge2 {[%emt 0:00:12]} d6 {[%emt 0:00:22]} 6. O-O {[%emt 0:00:29]} a6 {[%emt 0:00:05]} 7. d3 {[%emt 0:00:21]} Be6 {[%emt 0:00:21]} 8. h3 {[%emt 0:01:25] C26: Vienna Game: 2...Nf6, sidelines} (8. Nd5 Nd4 9. Nxd4 Bxd4 10. c3 Ba7 11. d4 c6 12. Nxf6+ Qxf6 13. Be3 O-O 14. f4 exd4 15. cxd4 Rfe8 {½-½ (33) Bachmann,A (2593)-Ragger,M (2698) Berlin 2015}) 8... h6 {[%emt 0:04:12]} 9. Kh2 {[%emt 0:03:04]} d5 {[%emt 0:07:29]} 10. f4 {[%emt 0:02:55]} (10. exd5 $1 $14 Nxd5 11. f4) 10... dxe4 {[%emt 0:01:20]} ({Better is} 10... d4 $1 $15 11. Na4 Ba7) 11. fxe5 $146 {[%emt 0:17:17]} ({Predecessor:} 11. Nxe4 Nxe4 12. Bxe4 Qd7 13. f5 Bd5 14. Nc3 Bxe4 15. Nxe4 {½-½ (25) Wilde,D (2175)-Hamann,C Bad Segeberg 2000}) 11... Nxe5 {[%emt 0:01:05]} 12. Nxe4 {[%emt 0:00:05]} Nxe4 {[%emt 0:02:04]} 13. Bxe4 {[%emt 0:00:02]} Nc6 {[%emt 0:13:23]} 14. Nf4 {[%emt 0:02:53]} O-O {[%emt 0:02:53]} 15. Qh5 {[%emt 0:01:31]} Qe7 {[%emt 0:03:44]} 16. Bd2 {[%emt 0:12:40]} Bd6 {[%emt 0:10:48]} (16... Bd4 $142 17. c3 Be5 18. Nxe6 Qxe6) 17. Nxe6 {[%emt 0:03:29]} Qxe6 {[%emt 0:03:11]} 18. Rae1 {[%emt 0:02:02]} Qxa2 {[%emt 0:04:55]} 19. Bxh6 {[%emt 0:02:53]} Qa5 {[%emt 0:06:47]} 20. Bd5 {[%emt 0:02:10]} gxh6 {[%emt 0:04:53]} 21. Qg6+ {[%emt 0:00:51]} Kh8 {[%emt 0:00:07]} 22. Qxh6+ {[%emt 0:00:03]} Kg8 {[%emt 0:00:04]} 23. Qg5+ {[%emt 0:00:18]} Kh8 {[%emt 0:00:16] [#]} 24. Rf6 $1 {[%emt 0:00:29]} Bxg3+ {[%emt 0:00:40]} 25. Kg2 {[%emt 0:01:22]} 1-0

[Event "9th Sharjah Cup Women 2018"]
[Site "Sharjah"]
[Date "2018.12.19"]
[Round "8"]
[White "Kiolbasa, Oliwia"]
[Black "Shanya Mishra"]
[Result "1-0"]
[WhiteElo "2244"]
[BlackElo "1978"]
[Annotator "NA"]
[PlyCount "37"]
[EventDate "2018.12.14"]
[EventType "swiss"]
[EventCountry "UAE"]
[SourceTitle "playchess.com"]
[Source "ChessBase"]
[SourceQuality "1"]
[TimeControl "5400+30"]

1. e4 {[%emt 0:00:00]} c5 {[%emt 0:00:00]} 2. Nf3 {[%emt 0:00:00]} e6 {[%emt 0:00:42]} 3. d4 {[%emt 0:00:00]} cxd4 {[%emt 0:00:34]} 4. Nxd4 {[%emt 0:00:05]} Nc6 {[%emt 0:00:44]} 5. Nc3 {[%emt 0:00:14]} Qc7 {[%emt 0:00:56]} 6. Be2 {[%emt 0:00:42]} a6 {[%emt 0:01:15]} 7. O-O {[%emt 0:00:26]} b5 {[%emt 0:01:06]} 8. Nxc6 {[%emt 0:02:33]} dxc6 {[%emt 0:01:14]} 9. a4 {[%emt 0:02:34]} Rb8 {[%emt 0:04:28]} 10. axb5 {[%emt 0:09:11]} cxb5 {[%emt 0:02:39]} 11. e5 {[%emt 0:02:42]} Bb7 {[%emt 0:04:59]} 12. Nxb5 {[%emt 0:07:05]} axb5 {[%emt 0:05:16]} 13. Bxb5+ {[%emt 0:00:25]} Bc6 {[%emt 0:03:14]} 14. Ra7 {[%emt 0:01:37]} Qc8 {[%emt 0:17:46]} 15. Qf3 $1 {[%emt 0:02:07] Double Attack} Be7 {[%emt 0:02:09]} 16. Bxc6+ {[%emt 0:03:23]} Kf8 {[%emt 0:00:10]} 17. Rd1 {[%emt 0:00:41]} f5 {[%emt 0:04:30]} 18. Rdd7 {[%emt 0:05:38]} h6 $18 {[%emt 0:01:30]} 19. b3 {[%emt 0:01:59]} 1-0